Poprzednie kluby piłkarzy #4 - Statystyki

Ogólne statystyki
  • Ten quiz został rozwiązany 114 razy
  • Średni wynik to 9 z 15
Statystyki odpowiedzi
Zawodnik Klub, w którym gra lub grał Poprzedni klub % Poprawnych
Ousmane Dembélé Paris Saint-Germain FC Barcelona
96%
David Beckham Los Angeles Galaxy Real Madryt
87%
Grzegorz Krychowiak Paris Saint-Germain Sevilla
86%
Karim Benzema Real Madryt Olympique Lyon
85%
Raphinha FC Barcelona Leeds United
84%
David de Gea Fiorentina Manchester United
81%
Wayne Rooney Manchester United Everton
75%
Sergio Agüero Manchester City Atlético Madryt
66%
Alexander Sørloth Atlético Madryt Villarreal
55%
David Villa FC Barcelona Valencia
54%
Victor Osimhen SSC Napoli Lille
45%
Artur Boruc Southampton Fiorentina
31%
Joshua Kimmich Bayern Monachium RB Lipsk
31%
Antonio Di Natale Udinese Calcio Empoli
8%
Javier Zanetti Inter Mediolan Banfield
2%
Nie znaleziono quizów pasujących do podanych kryteriów
Rozkład punktacji
Procent ludzi z każdym wynikiem
Percentyl według liczby udzielonych odpowiedzi
Twoja historia wyników
Nie rozwiązałeś tego quizu